<?xml version="1.0" encoding="UTF-8"?>
<collection xmlns="http://www.loc.gov/MARC21/slim">
 <record>
  <leader>02796aam a22003258a 4500</leader>
  <controlfield tag="001">NCT_21040</controlfield>
  <controlfield tag="008">160713s2016                  ||||||viesd</controlfield>
  <datafield tag="999" ind1=" " ind2=" ">
   <subfield code="c">998</subfield>
   <subfield code="d">998</subfield>
  </datafield>
  <datafield tag="020" ind1=" " ind2=" ">
   <subfield code="c">40000</subfield>
  </datafield>
  <datafield tag="082" ind1="0" ind2="4">
   <subfield code="2">23rd ed.</subfield>
   <subfield code="a">339</subfield>
   <subfield code="b">Y600</subfield>
  </datafield>
  <datafield tag="100" ind1="1" ind2=" ">
   <subfield code="a">Nguyễn Như Ý </subfield>
  </datafield>
  <datafield tag="245" ind1="1" ind2="0">
   <subfield code="a">Kinh tế vĩ mô </subfield>
   <subfield code="c">Nguyễn Như Ý, Trần Thị Bích Dung </subfield>
  </datafield>
  <datafield tag="260" ind1=" " ind2=" ">
   <subfield code="a">Tp.HCM</subfield>
   <subfield code="b">Tổng hợp</subfield>
   <subfield code="c">2011</subfield>
  </datafield>
  <datafield tag="300" ind1=" " ind2=" ">
   <subfield code="a">266tr.</subfield>
   <subfield code="b">hình vẽ, bảng</subfield>
   <subfield code="c">24 cm</subfield>
  </datafield>
  <datafield tag="500" ind1=" " ind2=" ">
   <subfield code="a">ĐTTS ghi: Trường đại học Kinh tế thành phố Hồ Chí Minh </subfield>
  </datafield>
  <datafield tag="520" ind1="3" ind2=" ">
   <subfield code="a">Khái quát về kinh tế vĩ mô. Cách tính sản lượng quốc gia. Lý thuyết xác định sản lượng cân bằng quốc gia. Chính sách tài khoá và chính sách ngoại thương. Tiền tệ ngân hàng và chính sách tiền tệ. Mô hình IS-LM và mô hình tổng cung cầu. Lạm phát và thất nghiệp. Phân tích vĩ mô trong nền kinh tế mở </subfield>
  </datafield>
  <datafield tag="653" ind1=" " ind2=" ">
   <subfield code="a">Quản trị kinh doanh</subfield>
  </datafield>
  <datafield tag="700" ind1="1" ind2=" ">
   <subfield code="a">Trần Thị Bích Dung </subfield>
  </datafield>
  <datafield tag="942" ind1=" " ind2=" ">
   <subfield code="2">ddc</subfield>
   <subfield code="c">BK</subfield>
  </datafield>
  <datafield tag="952" ind1=" " ind2=" ">
   <subfield code="0">0</subfield>
   <subfield code="1">0</subfield>
   <subfield code="2">ddc</subfield>
   <subfield code="4">0</subfield>
   <subfield code="6">339_000000000000000_Y600</subfield>
   <subfield code="7">0</subfield>
   <subfield code="9">11558</subfield>
   <subfield code="a">000001</subfield>
   <subfield code="b">000001</subfield>
   <subfield code="d">2018-06-22</subfield>
   <subfield code="l">1</subfield>
   <subfield code="o">339 Y600</subfield>
   <subfield code="p">MD.06471</subfield>
   <subfield code="r">2019-10-31</subfield>
   <subfield code="s">2019-10-22</subfield>
   <subfield code="v">40000.00</subfield>
   <subfield code="w">2018-06-22</subfield>
   <subfield code="y">BK</subfield>
  </datafield>
  <datafield tag="952" ind1=" " ind2=" ">
   <subfield code="0">0</subfield>
   <subfield code="1">0</subfield>
   <subfield code="2">ddc</subfield>
   <subfield code="4">0</subfield>
   <subfield code="6">339_000000000000000_Y600</subfield>
   <subfield code="7">0</subfield>
   <subfield code="9">11559</subfield>
   <subfield code="a">000001</subfield>
   <subfield code="b">000001</subfield>
   <subfield code="d">2018-06-22</subfield>
   <subfield code="l">2</subfield>
   <subfield code="o">339 Y600</subfield>
   <subfield code="p">MD.06472</subfield>
   <subfield code="r">2020-12-25</subfield>
   <subfield code="s">2020-12-21</subfield>
   <subfield code="v">40000.00</subfield>
   <subfield code="w">2018-06-22</subfield>
   <subfield code="y">BK</subfield>
  </datafield>
  <datafield tag="952" ind1=" " ind2=" ">
   <subfield code="0">0</subfield>
   <subfield code="1">0</subfield>
   <subfield code="2">ddc</subfield>
   <subfield code="4">0</subfield>
   <subfield code="6">339_000000000000000_Y600</subfield>
   <subfield code="7">0</subfield>
   <subfield code="9">11560</subfield>
   <subfield code="a">000001</subfield>
   <subfield code="b">000001</subfield>
   <subfield code="d">2018-06-22</subfield>
   <subfield code="o">339 Y600</subfield>
   <subfield code="p">MD.06473</subfield>
   <subfield code="r">2018-06-22</subfield>
   <subfield code="v">40000.00</subfield>
   <subfield code="w">2018-06-22</subfield>
   <subfield code="y">BK</subfield>
  </datafield>
  <datafield tag="952" ind1=" " ind2=" ">
   <subfield code="0">0</subfield>
   <subfield code="1">0</subfield>
   <subfield code="2">ddc</subfield>
   <subfield code="4">0</subfield>
   <subfield code="6">339_000000000000000_Y600</subfield>
   <subfield code="7">0</subfield>
   <subfield code="9">11561</subfield>
   <subfield code="a">000001</subfield>
   <subfield code="b">000001</subfield>
   <subfield code="d">2018-06-22</subfield>
   <subfield code="l">4</subfield>
   <subfield code="o">339 Y600</subfield>
   <subfield code="p">MD.06474</subfield>
   <subfield code="r">2020-12-25</subfield>
   <subfield code="s">2020-12-11</subfield>
   <subfield code="v">40000.00</subfield>
   <subfield code="w">2018-06-22</subfield>
   <subfield code="y">BK</subfield>
  </datafield>
  <datafield tag="952" ind1=" " ind2=" ">
   <subfield code="0">0</subfield>
   <subfield code="1">0</subfield>
   <subfield code="2">ddc</subfield>
   <subfield code="4">0</subfield>
   <subfield code="6">339_000000000000000_Y600</subfield>
   <subfield code="7">0</subfield>
   <subfield code="9">11562</subfield>
   <subfield code="a">000001</subfield>
   <subfield code="b">000001</subfield>
   <subfield code="d">2018-06-22</subfield>
   <subfield code="o">339 Y600</subfield>
   <subfield code="p">MD.05005</subfield>
   <subfield code="r">2018-06-22</subfield>
   <subfield code="v">40000.00</subfield>
   <subfield code="w">2018-06-22</subfield>
   <subfield code="y">BK</subfield>
  </datafield>
  <datafield tag="952" ind1=" " ind2=" ">
   <subfield code="0">0</subfield>
   <subfield code="1">0</subfield>
   <subfield code="2">ddc</subfield>
   <subfield code="4">0</subfield>
   <subfield code="6">339_000000000000000_Y600</subfield>
   <subfield code="7">0</subfield>
   <subfield code="9">11563</subfield>
   <subfield code="a">000001</subfield>
   <subfield code="b">000001</subfield>
   <subfield code="d">2018-06-22</subfield>
   <subfield code="l">1</subfield>
   <subfield code="o">339 Y600</subfield>
   <subfield code="p">MD.05006</subfield>
   <subfield code="r">2020-12-22</subfield>
   <subfield code="s">2020-12-08</subfield>
   <subfield code="v">40000.00</subfield>
   <subfield code="w">2018-06-22</subfield>
   <subfield code="y">BK</subfield>
  </datafield>
  <datafield tag="952" ind1=" " ind2=" ">
   <subfield code="0">0</subfield>
   <subfield code="1">0</subfield>
   <subfield code="2">ddc</subfield>
   <subfield code="4">0</subfield>
   <subfield code="6">339_000000000000000_Y600</subfield>
   <subfield code="7">0</subfield>
   <subfield code="9">11564</subfield>
   <subfield code="a">000001</subfield>
   <subfield code="b">000001</subfield>
   <subfield code="d">2018-06-22</subfield>
   <subfield code="l">1</subfield>
   <subfield code="o">339 Y600</subfield>
   <subfield code="p">MD.05007</subfield>
   <subfield code="r">2020-08-31</subfield>
   <subfield code="s">2020-08-20</subfield>
   <subfield code="v">40000.00</subfield>
   <subfield code="w">2018-06-22</subfield>
   <subfield code="y">BK</subfield>
  </datafield>
  <datafield tag="952" ind1=" " ind2=" ">
   <subfield code="0">0</subfield>
   <subfield code="1">0</subfield>
   <subfield code="2">ddc</subfield>
   <subfield code="4">0</subfield>
   <subfield code="6">339_000000000000000_Y600</subfield>
   <subfield code="7">0</subfield>
   <subfield code="9">11565</subfield>
   <subfield code="a">000001</subfield>
   <subfield code="b">000001</subfield>
   <subfield code="d">2018-06-22</subfield>
   <subfield code="l">1</subfield>
   <subfield code="o">339 Y600</subfield>
   <subfield code="p">MD.05002</subfield>
   <subfield code="r">2020-12-22</subfield>
   <subfield code="s">2020-12-08</subfield>
   <subfield code="v">40000.00</subfield>
   <subfield code="w">2018-06-22</subfield>
   <subfield code="y">BK</subfield>
  </datafield>
  <datafield tag="952" ind1=" " ind2=" ">
   <subfield code="0">0</subfield>
   <subfield code="1">0</subfield>
   <subfield code="2">ddc</subfield>
   <subfield code="4">0</subfield>
   <subfield code="6">339_000000000000000_Y600</subfield>
   <subfield code="7">0</subfield>
   <subfield code="9">11566</subfield>
   <subfield code="a">000001</subfield>
   <subfield code="b">000001</subfield>
   <subfield code="d">2018-06-22</subfield>
   <subfield code="l">1</subfield>
   <subfield code="o">339 Y600</subfield>
   <subfield code="p">MD.05010</subfield>
   <subfield code="r">2020-12-28</subfield>
   <subfield code="s">2020-12-11</subfield>
   <subfield code="v">40000.00</subfield>
   <subfield code="w">2018-06-22</subfield>
   <subfield code="y">BK</subfield>
  </datafield>
  <datafield tag="952" ind1=" " ind2=" ">
   <subfield code="0">0</subfield>
   <subfield code="1">0</subfield>
   <subfield code="2">ddc</subfield>
   <subfield code="4">0</subfield>
   <subfield code="6">339_000000000000000_Y600</subfield>
   <subfield code="7">0</subfield>
   <subfield code="9">11568</subfield>
   <subfield code="a">000001</subfield>
   <subfield code="b">000001</subfield>
   <subfield code="d">2018-06-22</subfield>
   <subfield code="l">1</subfield>
   <subfield code="o">339 Y600</subfield>
   <subfield code="p">MD.05003</subfield>
   <subfield code="r">2020-11-05</subfield>
   <subfield code="s">2020-10-23</subfield>
   <subfield code="v">40000.00</subfield>
   <subfield code="w">2018-06-22</subfield>
   <subfield code="y">BK</subfield>
  </datafield>
  <datafield tag="980" ind1=" " ind2=" ">
   <subfield code="a">Thư viện Trường Đại học Nam Cần Thơ</subfield>
  </datafield>
 </record>
</collection>
